000 00424nam a2200145Ia 4500
008 221007s9999 xx 000 0 und d
041 _aeng
082 _bSIY
100 _aSiya Khalate - 2k181089 & Dr. Pranita Sonar - Guide
_9105156
245 _aTraining And Development At Govind Milk Products
260 _c2019
_bSavitribai Phule Pune University
_aPune
300 _a68p
_cHard Bound
440 _v1
906 _bGeneral
999 _c80056
_d80056